| 000 | 00581nam a2200217Ia 4500 | ||
|---|---|---|---|
| 005 | 20250425160825.0 | ||
| 008 | 250425s9999 xx 000 0 und d | ||
| 020 | _a9253006544 | ||
| 041 | _aspa | ||
| 082 | _a639.3731 | ||
| 245 | 0 | _aAPROVECHAMIENTO Y COMERCIALIZACION DEL TIBURON | |
| 250 | _a1A ED. | ||
| 260 |
_aItalia _bFAO _c1978 |
||
| 260 |
_aROMA _bFAO |
||
| 300 | _a186 | ||
| 500 | _aiNV. d-60057 isbn 92-5-100654-7 (DOCUMENTO EN INGLES) | ||
| 500 | _aTÃtulo Traducido: SHARK UTILIZATION AND MARKETING | ||
| 650 | _aTIBURONES | ||
| 942 | _c01 | ||
| 010 | _a6147 | ||
| 999 |
_c196874 _d196874 |
||